000 00313nam a2200133Ia 4500
008 220216s9999 xx 000 0 und d
100 _aSoman T A
245 0 _aRoot trainer: Kuttithai nadeelum hardening
260 _bKarshakan
_c2014
300 _a62-63
650 _aHardening
650 _aRoot
942 _cJS
999 _c67272
_d67272